Formal languages and automata theory :A simplified appraoch (Record no. 180493)

000 -LEADER
fixed length control field 00415nam a2200133Ia 4500
008 - FIXED-LENGTH DATA ELEMENTS--GENERAL INFORMATION
fixed length control field 220217s9999||||xx |||||||||||||| ||und||
020 ## - INTERNATIONAL STANDARD BOOK NUMBER
International Standard Book Number 978-81-280-0918-1
082 ## - DEWEY DECIMAL CLASSIFICATION NUMBER
Classification number 005.13 BAI
100 ## - MAIN ENTRY--PERSONAL NAME
Personal name Baitipalli, Venkatesh, N
245 #0 - TITLE STATEMENT
Title Formal languages and automata theory :A simplified appraoch
260 ## - PUBLICATION, DISTRIBUTION, ETC.
Place of publication, distribution, etc. Sapna book house
Name of publisher, distributor, etc. Bangalore
Date of publication, distribution, etc. 2008
300 ## - PHYSICAL DESCRIPTION
Extent XII, 384p.
Other physical details 190
650 ## - SUBJECT ADDED ENTRY--TOPICAL TERM
Topical term or geographic name entry element PROGRAMMING LANGUAGE
Holdings
Withdrawn status Lost status Damaged status Not for loan Collection code Home library Current library Shelving location Date acquired Full call number Barcode Date last seen Price effective from Koha item type
        Computer Science and Engineering Central Library Central Library Reference 02/18/2022 005.13 BAI 15682 02/18/2022 02/18/2022 Books

Powered by Koha